000 00498nam a22001697a 4500
999 _c10082
_d10082
003 AR-CdUCM
008 190329b ||||| |||| 00| 0 spa d
040 _aMUNICIPALIDAD PROVINCIAL DEL CUSCO
_cBIBLIOTECA MUNICIPAL DEL CUSCO
082 _aEP / 808.8 /
_bV74
100 _aVirgilio
_910581
245 _aLa Eneida :
_bversión castellana en prosa /
260 _aLima :
_bMercurio,
300 _a212 páginas ;
_c17 cm.
650 _aObras literarias.
_9403
942 _2ddc
_cLIBROS
945 _awfj